LEADER 03166nam 2200625 a 450 001 996199372703316 005 20230213211651.0 010 $a1-280-76884-3 010 $a9786613679611 010 $a0-470-71969-9 010 $a0-470-71731-9 035 $a(CKB)1000000000688005 035 $a(EBL)703811 035 $a(OCoLC)775867776 035 $a(SSID)ssj0000715201 035 $a(PQKBManifestationID)11454820 035 $a(PQKBTitleCode)TC0000715201 035 $a(PQKBWorkID)10700993 035 $a(PQKB)10468166 035 $a(MiAaPQ)EBC703811 035 $a(EXLCZ)991000000000688005 100 $a20700605d1969 uy 0 101 0 $aeng 135 $aur|n|---||||| 181 $ctxt 182 $cc 183 $acr 200 10$aHomeostatic regulators$b[electronic resource] $ea Ciba Foundation Symposium held jointly with the Wellcome Trust /$fedited by G.E.W. Wolstenholme and Julie Knight 210 $aLondon $cChurchill$d1969 215 $a1 online resource (374 p.) 225 1 $aCiba Foundation symposium 300 $aDescription based upon print version of record. 311 $a0-470-66274-3 311 $a0-7000-1429-2 320 $aIncludes bibliographical references and indexes. 327 $aH0MEOSTATIC REGULATORS; Contents; Chairman's introduction; Cell population kinetics in relation to homeostasis; Discussion; Chalones of the skin; Discussion; Nerve growth and epithelial growth factors; Discussion; "Wolff factors" from chick embryo mesonephros and liver or yeast; Discussion; Thromboplastic materials from human tumours and chorion; Discussion; General discussion Approaches to the study of homeostasis; Pattern of gene transcription during the induction of bacteriophage h development: a possible model for the control of gene expression in a differentiating system; Discussion 327 $aThe histones, their interactions with DNA, and some aspects of gene controlDiscussion; Enzymes and isoenzymes; Discussion; Interferons as possible regulators; Interferons as possible regulators-biochemical aspects; Discussion; Lysosomes and homeostatic regulation; Discussion; Regulatory mechanisms in antibody synthesis; Discussion; General discussion Immune reactions and homeostasis; The structure of mammalian cell surfaces; The cell membrane and contact control; Discussion; Regulating systems in cell culture; Discussion; Metabolic cooperation between cells; Discussion 327 $aPattern formation and homeostasisDiscussion; General discussion; Chairman's closing remarks; Author Index; Subject Index 410 0$aCiba Foundation symposium. 606 $aHomeostasis$vCongresses 615 0$aHomeostasis 676 $a599.0188 676 $a599/.01/88 701 $aWolstenholme$b G. E. W$g(Gordon Ethelbert Ward)$063039 701 $aKnight$b Julie$0512647 712 02$aCiba Foundation. 712 02$aWellcome Trust (London, England) 712 12$aSymposium on Homeostatic Regulators 801 0$bMiAaPQ 801 1$bMiAaPQ 801 2$bMiAaPQ 906 $aBOOK 912 $a996199372703316 996 $aHomeostatic regulators$92274174 997 $aUNISA LEADER 03384oam 2200613I 450 001 9910797418203321 005 20181122172240.0 010 $a0-429-92062-8 010 $a0-429-90639-0 010 $a0-429-48162-4 010 $a1-78241-345-6 035 $a(CKB)3710000000466309 035 $a(EBL)2189406 035 $a(MiAaPQ)EBC2189406 035 $a(Au-PeEL)EBL2189406 035 $a(CaPaEBR)ebr11092827 035 $a(CaONFJC)MIL824714 035 $a(OCoLC)919188285 035 $a(OCoLC)1029238844 035 $a(FlBoTFG)9780429481628 035 $a(EXLCZ)993710000000466309 100 $a20181122h20182015 uy 0 101 0 $aeng 135 $aur||| ||||| 181 $2rdacontent 182 $2rdamedia 183 $2rdacarrier 200 14$aThe Enigma of Childhood $eThe Profound Impact of the First Years of Life on Adults as Couples and Parents /$fby Ronnie Solan 205 $aFirst edition. 210 1$aBoca Raton, FL :$cRoutledge,$d[2018]. 210 4$d©2015. 215 $a1 online resource (419 p.) 300 $a"Originally published in Hebrew by Modan in 2007"--Title page verso. 311 $a0-367-10316-8 311 $a1-78220-211-0 320 $aIncludes bibliographical references and index. 327 $aCOVER; CONTENTS; ABOUT THE AUTHOR; PREFACE; INTRODUCTION AND ACKNOWLEDGEMENTS; PART I THE ORAL STAGE-THE STAGE OF INTIMACY. FROM BIRTH TO EIGHTEEN MONTHS; CHAPTER ONE Beginnings; CHAPTER TWO Narcissism: an immune system for the self; CHAPTER THREE The ego: an emotional self-regulation agency; CHAPTER FOUR Object relations: the attachment system; PART TWO THE ANAL STAGE-A TIME OF NEGOTIATION. FROM TWELVE MONTHS TO THREE YEARS; CHAPTER FIVE The progress of narcissism in the anal stage; CHAPTER SIX Consolidation of the ego; CHAPTER SEVEN The dynamics of object relations in the anal stage 327 $aCHAPTER EIGHT Healthy and pathological narcissistic processesCHAPTER NINE Summary; EPILOGUE; GLOSSARY; REFERENCES; INDEX 330 3 $aIn this bookthe authortraces the way that early psychic development from birth up to three years is reflected throughout our lifespan, including adulthood, couplehood and parenthood. The inner child reverberating within us (consciously and unconsciously) and thus present in our ongoing interactions with others, often colours and guides our current experiences, whether with our life partner or children, and as psychotherapists, with our patients. Our openness to its resonance allows us to become more attuned to and emotionally accessible to ourselves and others.The author's primary aim is to familiarize the reader with her innovative idea of the emotional immune system managed by a healthy narcissism and operating via the inner reverberations of hidden childhood narratives. Our sense of familiar self is accordingly consolidated and immunised to an invasion by foreign sensations. 606 $aInfant psychology 606 $aEmotions in infants 606 $aEmotions in children 608 $aElectronic books. 615 0$aInfant psychology. 615 0$aEmotions in infants. 615 0$aEmotions in children. 676 $a133.8 700 $aSolan$b Ronnie$01491142 801 0$bFlBoTFG 801 1$bFlBoTFG 906 $aBOOK 912 $a9910797418203321 996 $aThe Enigma of Childhood$93712787 997 $aUNINA LEADER 01030nam0 22002891i 450 001 UON00451902 005 20231205105045.224 100 $a20150317d1965 |0itac50 ba 101 $afre 102 $aFR 105 $a|||| 1|||| 200 1 $aPlaton$fFrançois Châtelet 210 $aParis$cGallimard$dc1965 215 $a250 p.$d17 cm. 316 $aValore stimato$5IT-UONSI Francese16 IdéesCHAT 410 1$1001UON00048838$12001 $aIdées$v85 606 $aPLATONE$3UONC049136$2FI 620 $aFR$dParis$3UONL002984 676 $a184$cFILOSOFIA PLATONICA$v21 700 1$aCHÂTELET$bFrançois$3UONV016993$0376233 712 $aGallimard$3UONV246610$4650 801 $aIT$bSOL$c20240220$gRICA 899 $aSIBA - SISTEMA BIBLIOTECARIO DI ATENEO$2UONSI 912 $aUON00451902 950 $aSIBA - SISTEMA BIBLIOTECARIO DI ATENEO$dSI Francese 16 Idées CHAT $eSI SFR3965/1 7 Valore stimato$sBuono 996 $aPlaton$929740 997 $aUNIOR